Astrophysical sources for ground based gravitational wave detectors (Record no. 14505)

MARC details
000 -LEADER
fixed length control field 00807nam a2200205Ia 4500
003 - CONTROL NUMBER IDENTIFIER
control field IN-BaIIA
008 - FIXED-LENGTH DATA ELEMENTS--GENERAL INFORMATION
fixed length control field 211028s9999 xx 000 0 eng d
020 ## - INTERNATIONAL STANDARD BOOK NUMBER
International Standard Book Number 0-7354-0014-8
040 ## - CATALOGING SOURCE
Transcribing agency IIA Library
080 ## - UNIVERSAL DECIMAL CLASSIFICATION NUMBER
Universal Decimal Classification number 523(082.2)
Item number AST
111 ## - MAIN ENTRY--MEETING NAME
Meeting name or jurisdiction name as entry element Conference on Astrophysical Sources for Ground Based Gravitational Wave Detectors
Location of meeting Philadelphia
Date of meeting or treaty signing 2000
9 (RLIN) 25758
245 #0 - TITLE STATEMENT
Title Astrophysical sources for ground based gravitational wave detectors
Remainder of title proceedings of conference held in Philadelphia, 30 October-1 November 2000
Statement of responsibility, etc. edited by J. M. Centrella
260 ## - PUBLICATION, DISTRIBUTION, ETC.
Place of publication, distribution, etc. New York
Name of publisher, distributor, etc. American Institute of Physics
Date of publication, distribution, etc. 2001
490 ## - SERIES STATEMENT
Series statement AIP conference proceedings; v. 575
650 ## - SUBJECT ADDED ENTRY--TOPICAL TERM
Topical term or geographic name entry element Astrophysics
9 (RLIN) 794
650 ## - SUBJECT ADDED ENTRY--TOPICAL TERM
Topical term or geographic name entry element Gravitation
650 ## - SUBJECT ADDED ENTRY--TOPICAL TERM
Topical term or geographic name entry element Wave detector
9 (RLIN) 25759
700 ## - ADDED ENTRY--PERSONAL NAME
Personal name Centrella, J. M., ed.
9 (RLIN) 25760
942 ## - ADDED ENTRY ELEMENTS (KOHA)
Koha item type Books
Holdings
Withdrawn status Lost status Damaged status Not for loan Home library Current library Shelving location Date acquired Source of acquisition Cost, normal purchase price Total Checkouts Full call number Barcode Date last seen Cost, replacement price Price effective from Koha item type Purchase Price
        IIA Library-Bangalore IIA Library-Bangalore General Stacks 19/02/2002 EDS 6410.51   523(082.2)/ AST 15427 05/11/2021 6410.51 19/02/2002 Books Rs. 6410.51

Powered by Koha